Contemporary Sociological Theory (Record no. 11309)

MARC details
000 -LEADER
fixed length control field 00752nam a22002537i 4500
003 - CONTROL NUMBER IDENTIFIER
control field URS
005 - DATE AND TIME OF LATEST TRANSACTION
control field 20220117094524.0
008 - FIXED-LENGTH DATA ELEMENTS--GENERAL INFORMATION
fixed length control field 170130b xxu||||| |||| 00| 0 eng d
020 ## - INTERNATIONAL STANDARD BOOK NUMBER
International Standard Book Number 9781452203454
040 ## - CATALOGING SOURCE
Description conventions rda
Transcribing agency College
Language of cataloging eng
050 00 - LIBRARY OF CONGRESS CALL NUMBER
Classification number HM435
Item number T97 2013
082 ## - DEWEY DECIMAL CLASSIFICATION NUMBER
Classification number 301
Item number T84c 2013
100 ## - MAIN ENTRY--PERSONAL NAME
Personal name Turner, Jonathan H.,
Relator term author
245 ## - TITLE STATEMENT
Title Contemporary Sociological Theory
Statement of responsibility, etc. Turner, Jonathan H.
264 #1 - PRODUCTION, PUBLICATION, DISTRIBUTION, MANUFACTURE, AND COPYRIGHT NOTICE
Place of production, publication, distribution, manufacture Los Angeles
Name of producer, publisher, distributor, manufacturer SAGE Pub., Incorporated
Date of production, publication, distribution, manufacture, or copyright notice 2013
300 ## - PHYSICAL DESCRIPTION
Extent [xiv], 749 pages
Other physical details illustrationss
Dimensions 25.3 cm.
336 ## - CONTENT TYPE
Source rda content
Content type term text
337 ## - MEDIA TYPE
Source rda media
Media type term unmediated
338 ## - CARRIER TYPE
Source rda carrier
Carrier type term volume
500 ## - GENERAL NOTE
General note Includes index
650 ## - SUBJECT ADDED ENTRY--TOPICAL TERM
Topical term or geographic name entry element Sociology - History
650 ## - SUBJECT ADDED ENTRY--TOPICAL TERM
Topical term or geographic name entry element Sociology - Philosophy
942 ## - ADDED ENTRY ELEMENTS (KOHA)
Source of classification or shelving scheme Library of Congress Classification
Koha item type Foreign Books
Holdings
Withdrawn status Source of classification or shelving scheme Damaged status Not for loan Collection code Home library Current library Shelving location Date acquired Total Checkouts Full call number Barcode Date last seen Price effective from Koha item type
  Library of Congress Classification     Non-fiction Rodriguez College Library Rodriguez College Library Reference 01/30/2017   HM435 T97 2013 URSROD-4202 01/30/2017 11/27/2018 Foreign Books

University of Rizal System
Email us at univlibservices@urs.edu.ph

Visit our Website www.urs.edu.ph/library